zpět

Detail výsledku týmu

Spirit Bar - Žižkov, Praha

Datum a čas kvízu

27 Celkem bodů Celkový počet nahraných bodů na tomto kvízu bez doplňovacích otázek.
9. Pořadí na kvízu Konečné umístění týmu na tomto kvízu.

Zaznamenané odpovědi

# Otázka Odpověď Body Výsledky
1. Nezvyklou předehru měl odlet č... drogy 0
2. Tisíce lidí se v neděli v podv... V Polsku. 1
3. Minulý týden měl premiéru doku... Olga Malířová Špátová 0
4. Společnost Blue Origin Jeffa B... James T. Kirk 1
5. Vedení českého hokeje minulý č... Ondřeje Paláta 1
-14. Po Středočeském kraji nás v da... Španělský sál 1
-13. Oblíbenou atrakcí našeho hlavn... Nebozízek 0
-12. Místem, které rozhodně stojí z... Moja 0
-11. K nejpůsobivějším gotickým sta... Staroměstská mostecká věž 0
-10. Seřaďte následující zahraniční... 1C 2B 3A 4D 0